Новый немецко-русский, русско-немецкий словарь: 42 000 слов

Xehetasun bibliografikoak
Gaia:Настоящее издание открывает еще одну серию словарей издательства - двуязычных словарей с увеличенным лексическим запасом. Содержит 42 000 слов. Послужит хорошим подспорьем как для начинающих, так и для тех, кто стремится к углубленному изучению немецкого языка.
Hizkuntza:errusiera
alemana
Argitaratua: Киев, А.С.К., 2002
Gaiak:
Formatua: Liburua
KOHA link:https://koha.lib.tpu.ru/cgi-bin/koha/opac-detail.pl?biblionumber=301729

MARC

LEADER 00000nam0a2200000 4500
001 301729
005 20231102001429.0
010 |a 9665391917 
035 |a (RuTPU)RU\TPU\book\326905 
035 |a RU\TPU\book\24172 
090 |a 301729 
100 |a 20150812d2002 m y0rusy50 ca 
101 0 |a rus  |a ger 
102 |a UA 
105 |a y e 000zy 
200 1 |a Новый немецко-русский, русско-немецкий словарь  |d Das neue deutsch-russische, russisch-deutsche wörterbuch  |e 42 000 слов 
210 |a Киев  |c А.С.К.  |d 2002 
215 |a 805 с. 
330 |a Настоящее издание открывает еще одну серию словарей издательства - двуязычных словарей с увеличенным лексическим запасом. Содержит 42 000 слов. Послужит хорошим подспорьем как для начинающих, так и для тех, кто стремится к углубленному изучению немецкого языка. 
510 1 |a Das neue deutsch-russische, russisch-deutsche wörterbuch  |z ger 
606 1 |a Немецкий язык  |x Параллельные словари  |2 stltpush  |3 (RuTPU)RU\TPU\subj\45384  |9 64627 
610 1 |a словари 
610 1 |a параллельные словари 
610 1 |a лексика 
610 1 |a русско-немецкие словари 
610 1 |a немецко-русские словари 
686 |a Ш143.24-48  |v LBC/SL-A  |2 rubbk 
801 0 |a UA  |b 63413507  |c 20011209  |g PSBO 
801 2 |a RU  |b 63413507  |c 20150818  |g PSBO 
942 |c BK